Agricultura 1935-36 Censo
Wedi'i Gadw mewn:
| Awdur Corfforaethol: | |
|---|---|
| Fformat: | Llyfr |
| Iaith: | Sbaeneg |
| Cyhoeddwyd: |
Santiago
Universo
1938
|
| Pynciau: | |
| Tagiau: |
Ychwanegu Tag
Dim Tagiau, Byddwch y cyntaf i dagio'r cofnod hwn!
|
MARC
| LEADER | 00000nam a2200000 a 4500 | ||
|---|---|---|---|
| 001 | UCO4212 | ||
| 003 | CL-VaPUC | ||
| 008 | 000728e19380000CL |||||||||||||||||spa|d | ||
| 082 | 0 | 4 | |a 310.983 |b DIR |2 21 |
| 110 | 2 | |a Dirección General de Estadística |e author |9 448462 | |
| 245 | 1 | 0 | |a Agricultura 1935-36 Censo |
| 300 | |a 704 p | ||
| 942 | |c BK | ||
| 945 | |d 20000728 00:00:00 |a crobeson | ||
| 260 | |a Santiago |b Universo |c 1938 | ||
| 650 | 7 | |a CENSOS |2 CL-VaPUC |9 317246 | |
| 650 | 0 | |a Agricultura |9 255598 | |
| 650 | 7 | |a ESTADISTICAS COMERCIALES 1935-1936 |2 CL-VaPUC |9 448463 | |
| 651 | 7 | |a CHILE |2 CL-VaPUC |9 448464 | |
| 583 | |a last modification |c 20000728 00:00:00 |k Rodrigo Vera | ||
| 999 | |c 290277 |d 290275 | ||
| 952 | |0 0 |1 0 |4 0 |6 310_983000000000000_DIR_1938 |7 0 |8 X |9 339604 |a BIBHIS |b BIBHIS |d 2019-11-20 |i 1211927 |o 310.983 DIR 1938 |p 1211927 |r 2024-01-30 |w 2019-11-20 |y BK_X |k HIS | ||